000 00225nam a22000857a 4500
008 161020b xxu||||| |||| 00| 0 eng d
100 _9903
_aSharma.C.P.
245 _aSocial Science-6
260 _aNew Delhi
_bPrachi Publications
_c2012
999 _c3557
_d3557